000 00282nam a22001097a 4500
082 _a530
100 _aRaj,DR Manish
_983080
245 _aPHYSICS MED EASY 2.0 Class Notes In Handwritten Format
260 _bPhysics Wallah Publication
_c2025
650 _aPhysics
942 _cC. BOOKS
999 _c67872
_d67872